Green Day Lyrics - Words I Might Have Ate - Statistics

General Stats
  • This quiz has been taken 15 times
  • The average score is 133 of 183
Answer Stats
Words I Might Have Ate % Correct
A
100%
a
100%
and
100%
And
100%
I
100%
the
100%
The
100%
you
100%
can
91%
have
91%
me
91%
me,
91%
my
91%
My
91%
who
91%
Why?
91%
ate
82%
can't
82%
do
82%
it
82%
It
82%
might
82%
on
82%
take
82%
that
82%
to
82%
was
82%
Was
82%
words
82%
about,
73%
be
73%
blame
73%
had
73%
it's
73%
keep
73%
Like
73%
mind
73%
Now
73%
now
73%
of
73%
what
73%
been
64%
Just
64%
seems
64%
something
64%
Tell
64%
tell
64%
there's
64%
we've
64%
back
55%
better
55%
bitched
55%
brain
55%
But
55%
but
55%
cause
55%
days
55%
finally
55%
found
55%
gone
55%
grounds
55%
head
55%
her
55%
lost
55%
love
55%
nothing
55%
off
55%
Oh,
55%
pain
55%
real
55%
remind
55%
said
55%
school
55%
through
55%
without
55%
am
45%
bad
45%
could've
45%
deep
45%
drifts
45%
dwell
45%
fool
45%
for
45%
girl
45%
inside
45%
pressure
45%
pumping
45%
sacrificed
45%
sitting
45%
soul's
45%
stable
45%
sweet
45%
too
45%
whose
45%
young
45%
As
36%
blacktops
36%
blind
36%
enough
36%
late?
36%
play
36%
realized
18%
That's
9%
No matching quizzes found
Score Distribution
Percent of People with Each Score
Percentile by Number Answered
Your Score History
You have not taken this quiz